[Event "Match/Team URS-World 20,5-19,5"]
[Site "Belgrade"]
[Date "1970.03.31"]
[Round "2.7"]
[White "Uhlmann, Wolfgang"]
[Black "Taimanov, Mark E"]
[Result "0-1"]
[WhiteElo "2570"]
[BlackElo "2600"]
[Annotator "Uhlmann/Taimanov"]
[PlyCount "80"]
[EventDate "1970.03.29"]
[EventType "team"]
[EventRounds "4"]
[EventCountry "YUG"]
[SourceTitle "MCL"]
[Source "ChessBase"]
[SourceDate "1999.07.01"]
[SourceVersion "1"]
[SourceVersionDate "1999.07.01"]
[SourceQuality "1"]
[WhiteTeam "World"]
[BlackTeam "Soviet Union"]
[BlackTeamCountry "URS"]
[TimeControl "40/9000:16/5400:0"]

1. d4 Nf6 2. c4 e6 3. Nf3 b6 4. g3 Bb7 5. Bg2 Be7 6. O-O O-O 7. d5 $5 {
Uhlmann=:U} exd5 8. Nd4 Nc6 9. cxd5 Nxd4 10. Qxd4 c5 11. Qd3 (11. dxc6 dxc6 {
Taimanov=:T}) 11... d6 12. Nc3 (12. a4 a6 13. Nc3 b5 14. axb5 axb5 15. Rxa8
Qxa8 {T}) 12... a6 13. Bf4 (13. a4 $142 {U}) 13... b5 14. a4 b4 15. Nd1 (15.
Nb1 a5 16. Nd2 Ba6 17. Nc4 Nd7 18. Qc2 Bxc4 19. Qxc4 Nb6 20. Qb5 Bf6 {T}) 15...
a5 16. b3 Ba6 17. Qc2 Nd7 18. Be4 g6 19. Bd3 $17 {U} Nb6 20. Bh6 (20. Ne3 g5 {T
}) (20. e4 Bf6 21. Rc1 Bxd3 22. Qxd3 c4 $1 {T}) 20... Re8 21. Ne3 Bf6 22. Rad1
Qc8 $1 {T} 23. Kg2 Bxd3 24. Rxd3 (24. Qxd3 Qa6 {U}) 24... Ra7 {P 25... ae7 T}
25. Nc4 Nxc4 26. Qxc4 Rae7 27. Rf3 Re4 28. Qb5 Qd8 $1 {U/T} 29. Be3 $2 {T} (29.
Re3 $142 {U} g5 {T}) 29... Bd4 $1 {T} 30. Bxd4 Rxd4 31. Rd3 (31. e3 Rxd5 (31...
Rd2) 32. Rxf7 $1 Kxf7 33. Qc4 {T}) 31... Rde4 32. e3 h5 33. h4 Kg7 $2 {T ?! U}
(33... g5 $142 {U/T} 34. hxg5 h4 {U}) 34. Rc1 $2 {U/T} (34. Re1 g5 35. f3 {U/T}
) 34... g5 35. hxg5 h4 36. Rc4 (36. gxh4 Rxh4 37. f4 Qc8 $19 {U}) 36... Qxg5
37. Rxe4 Rxe4 38. Qd7 Qg6 {U/T} 39. Rd1 hxg3 40. Rg1 Rh4 $1 {T} 0-1